000 00699nam a2200277Ia 4500
005 20260324115654.0
008 008 260324s9999 xx 000 0 eng d
020 _a9781315365824
037 _aEBOOK
040 _aCRL
040 _beng
040 _cCRL
041 _2eng
041 _aeng
084 _qCRL
100 _aDeepak Kumar Verma; Prem Prakash Srivastav
_91154716
245 0 _aMicroorganisms in Sustainable Agriculture, Food, and the Environment
260 _bTaylor and Francis
260 _c2017
365 _a
365 _b265
856 _uhttp://www.taylorfrancis.com/books/9781315365824
942 _cEBOOK
999 _c1746613
_d1746613